000 01186cam a2200313Mi 4500
999 _c1851
_d1851
001 .b15812169
003 OSt
005 20230208085137.0
008 180713r20132001enka j 000 1 eng d
020 _a9780552556118
_q(pbk.) :
040 _aMYNLM
_beng
_erda
_cMYNLM
_dOCLCQ
_dCNKFP
_dOCLCF
_dOCLCO
_dFCU
_dTWWZU
_dKH8
042 _anbic
082 0 _a823.92 WIL
100 1 _aWilson, Jacqueline,
_eauthor.
245 1 0 _aDustbin baby /
_cJacqueline Wilson ; illustrated by Nick Sharratt.
250 _aCorgi edition, 2013.
264 1 _aLondon, England :
_bCorgi Yearling,
_c2013.
264 4 _c©2001.
300 _a199, 24 pages :
_billustrations ;
_c20 cm.
336 _atext
_btxt
_2rdacontent.
337 _aunmediated
_bn
_2rdamedia.
338 _avolume
_bnc
_2rdacarrier.
500 _aOriginally published in Great Britain by Doubleday.
520 _aApril is a fourteen-year-old girl and wants to find out who she really is and where she comes from. As a baby, she was abandoned and left in a dustbin.
650 0 _aAdopted children
_vJuvenile fiction.
650 0 _aMothers and daughters
_vJuvenile fiction.
700 1 _aSharratt, Nick,
_eillustrator.
942 _2ddc
_cNFIC